Skill development in physical education and sports (Record no. 394074)

MARC details
000 -LEADER
fixed length control field 00542 a2200193 4500
005 - DATE & TIME
control field 20260113161241.0
008 - FIXED-LENGTH DATA ELEMENTS--GENERAL INFORMATION
fixed length control field 260113b |||||||| |||| 00| 0 eng d
020 ## - ISBN
International Standard Book Number 9789359780931
Price Rs. 1995.00
040 ## - CATALOGING SOURCE
Original cataloging agency VIVEKANANDA LIBRARY
082 ## - DDC NUMBER
Classification number 796.071
Book Number A82S
100 ## - MAIN ENTRY--PERSONAL NAME
Personal name Abraham, George
245 ## - TITLE STATEMENT
Title Skill development in physical education and sports
260 ## - PUBLICATION, DISTRIBUTION, ETC. (IMPRINT)
Name of publisher, distributor, etc Friends Publications (India)
Date of publication, distribution, etc 2024
Place of publication, distribution, etc New Delhi
300 ## - PHYSICAL DESCRIPTION
Pages 217
650 ## - Subject
Subject Physical Education
650 ## - Subject
Subject Skill Development
650 ## - Subject
Subject Management in Sports
942 ## - ADDED ENTRY ELEMENTS (KOHA)
Koha item type Books
Holdings
Withdrawn status Lost status Source of classification or shelving scheme Damaged status Not for loan Location (home branch) Sublocation or collection (holding branch) Shelving location Date acquired Koha issues (times borrowed) Koha full call number Accession No. Koha date last seen Koha item type
    Dewey Decimal Classification     VIVEKANANDA LIBRARY VIVEKANANDA LIBRARY Vivekananda Library 12/12/2025   796.071 A82S 443637 12/12/2025 Books
© Designed and Maintained by Vivekananda Library, MDU Rohtak